000 00270nam a2200097Ia 4500
001 698693
005 20250826162056.0
008 250824s9999 xx 000 0 und d
245 0 _aMUTLULUK-ÖYKÜLER (ANTİK YENİ)
_cGUY DE MAUPASSANT
260 _bANTİK DÜNYA KLASİKLERİ
999 _c698693
_d698693